LEADER 00952cam0-22003371i-450- 001 990006852510403321 005 20070924110445.0 010 $a88-386-3606-0 035 $a000685251 035 $aFED01000685251 035 $a(Aleph)000685251FED01 035 $a000685251 100 $a20010426d1997----km-y0itay50------ba 101 0 $aita 102 $aIT 105 $ay-------001yy 200 1 $aAggiungere prodotto alla qualità$fChristopher Lovelock$gpresentazione di Walter Giorgio Scott 210 $aMilano$cMcGraw-Hill$d1997 215 $aXXII, 362 p.$d24 cm 225 1 $aTrade 610 0 $aVendite$aOrganizzazione 610 0 $aClientela 676 $a658.812$v21$zita 700 1$aLovelock,$bChristopher$0253249 801 0$aIT$bUNINA$gRICA$2UNIMARC 901 $aBK 912 $a990006852510403321 952 $aVI H 631$b31023$fFSPBC 959 $aFSPBC 996 $aAggiungere prodotto alla qualità$9626953 997 $aUNINA LEADER 00936cam0-2200349---450- 001 990004031170403321 005 20160627120032.0 035 $a000403117 035 $aFED01000403117 035 $a(Aleph)000403117FED01 035 $a000403117 100 $a19990604d1982----km-y0itay50------ba 101 0 $aita 102 $aIT 105 $ay-------001cb 200 1 $aS. Francesco d'Assisi$fRaoul Manselli 205 $a3. ed. riveduta 210 $aRoma$cBulzoni$d1982 215 $a362 p.$d21 cm 225 1 $aBiblioteca di cultura$v182 512 1 $aSan Francesco d'Assisi 600 0$aFrancesco d'Assisi 676 $a271.3 676 $a922 700 1$aManselli,$bRaoul$f<1917-1984>$0153506 801 0$aIT$bUNINA$gRICA$2UNIMARC 901 $aBK 912 $a990004031170403321 952 $a271.3 FRA 19$bDip.d.s.503$fFLFBC 959 $aFLFBC 996 $aS. Francesco d'Assisi$9470708 997 $aUNINA LEADER 03063nam 2200673 a 450 001 9910788574403321 005 20230828214215.0 010 $a1-61300-029-4 010 $a1-61583-819-8 035 $a(CKB)3360000000000325 035 $a(EBL)3116719 035 $a(SSID)ssj0000509555 035 $a(PQKBManifestationID)12207342 035 $a(PQKBTitleCode)TC0000509555 035 $a(PQKBWorkID)10573598 035 $a(PQKB)11486015 035 $a(MiAaPQ)EBC3116719 035 $a(Au-PeEL)EBL3116719 035 $a(CaPaEBR)ebr10522374 035 $a(OCoLC)922966703 035 $a(EXLCZ)993360000000000325 100 $a20060309d2006 uy 0 101 0 $aeng 135 $aurcn||||||||| 181 $ctxt 182 $cc 183 $acr 200 00$aFundamentals and control of nitrification in chloraminated drinking water distribution systems$b[electronic resource] 205 $a1st ed. 210 $aDenver, Colo. $cAmerican Water Works Association$dc2006 215 $a1 online resource (289 p.) 225 1 $aAWWA manual ;$vM56 300 $aDescription based upon print version of record. 311 $a1-58321-419-4 320 $aIncludes bibliographical references (p. 249-250) and index. 327 $a""Contents""; ""Figures""; ""Tables""; ""Preface""; ""Acknowledgments""; ""Introduction to Nitrification in Drinking Water and Its Impact on Regulatory Compliance""; ""Nitrification in Water and Wastewater Treatment""; ""Nitrification in Drinking Water Distribution Systems""; ""Overview of Causes and Control of Nitrification in Water Distribution Systems""; ""Microbiology and Isolation of Nitrifying Bacteria""; ""Growth and Inactivation of Nitrifying Bacteria""; ""Monitoring for Nitrification Prevention and Control""; ""Operational and Treatment Practices to Prevent Nitrification"" 327 $a""Assessment and Operational Responses to Nitrification Episodes""""Capital Improvements for Nitrification Prevention""; ""Additional Reading""; ""Abbreviations and Acronyms""; ""Units of Measure With Metric Conversions""; ""Index""; ""AWWA Manuals"" 410 0$aAWWA manual ;$vM56. 606 $aWater$xPurification$xNitrogen removal 606 $aWater$xPurification$xChloramination 606 $aNitrification$xPrevention 606 $aDenitrification 606 $aDrinking water$xContamination$xPrevention 606 $aWater$xDistribution$xSafety measures 615 0$aWater$xPurification$xNitrogen removal. 615 0$aWater$xPurification$xChloramination. 615 0$aNitrification$xPrevention. 615 0$aDenitrification. 615 0$aDrinking water$xContamination$xPrevention. 615 0$aWater$xDistribution$xSafety measures. 676 $a628.1/662 712 02$aAmerican Water Works Association. 801 0$bMiAaPQ 801 1$bMiAaPQ 801 2$bMiAaPQ 906 $aBOOK 912 $a9910788574403321 996 $aFundamentals and control of nitrification in chloraminated drinking water distribution systems$93751883 997 $aUNINA